Countries Ending With A - Statistics

General Stats
  • This quiz has been taken 860 times
    603 since last reset
  • The average score is 60 of 73
Answer Stats
Country % Correct
Australia
96%
Russia
93%
Algeria
92%
Austria
92%
Argentina
91%
Armenia
91%
India
91%
Albania
90%
Andorra
90%
Canada
90%
Colombia
90%
Indonesia
89%
Latvia
88%
Estonia
87%
Slovakia
87%
Slovenia
87%
Zambia
87%
Angola
86%
Bulgaria
86%
Croatia
86%
Libya
86%
China
85%
Cuba
85%
Lithuania
85%
South Korea
85%
Bolivia
84%
Ethiopia
84%
Kenya
84%
Namibia
84%
North Korea
84%
Panama
84%
Romania
84%
Serbia
84%
Venezuela
84%
Bosnia and Herzegovina
83%
Nigeria
83%
Somalia
83%
Cambodia
82%
Guinea
82%
South Africa
82%
Eritrea
81%
Gambia
81%
Ghana
81%
Guatemala
81%
Tanzania
81%
Nicaragua
80%
North Macedonia
80%
Tunisia
80%
Antigua and Barbuda
79%
Costa Rica
79%
Guyana
79%
Saudi Arabia
79%
Botswana
78%
Jamaica
78%
Liberia
78%
Malaysia
78%
Mongolia
78%
Uganda
78%
Mauritania
77%
Dominica
76%
Georgia
76%
Rwanda
76%
Syria
75%
Malta
74%
Moldova
74%
Samoa
74%
Tonga
74%
Equatorial Guinea
72%
Grenada
72%
Sri Lanka
71%
Saint Lucia
70%
Papua New Guinea
68%
Federated States of Micronesia
62%
No matching quizzes found
Score Distribution
Percent of People with Each Score
Percentile by Number Answered
Your Score History
You have not taken this quiz since the last reset